[Event "DEN-ch Blitz"]
[Site "Snekkersten"]
[Date "2024.09.01"]
[Round "8"]
[White "Hansen, Sune Berg"]
[Black "Wilbrandt, Simon Pil"]
[Result "1-0"]
[WhiteElo "2520"]
[BlackElo "2112"]
[PlyCount "139"]
[EventDate "2024.09.01"]
[EventType "swiss (blitz)"]
[EventRounds "13"]
[EventCountry "DEN"]
[SourceTitle "CBM 221 Extra"]
[Source "ChessBase"]
[SourceDate "2024.09.30"]
[SourceVersion "1"]
[SourceVersionDate "2024.09.30"]
[SourceQuality "1"]

1. Nf3 d5 2. g3 g6 3. d4 Bg7 4. Bg2 c6 5. 0-0 Nf6 6. c4 0-0 7. Qb3 dxc4 8. Qxc4 Na6 9. a3 Be6 10. Qc2 Bf5 11. Qb3 Qb6 12. Nbd2 Be6 13. Qc2 Rfd8 14. e4 Qa5 15. b3 Qh5 16. Bb2 Nc7 17. Rfe1 Rac8 18. Rac1 Bh3 19. Bh1 Nb5 20. b4 Nc7 21. Qb3 Be6 22. Qa4 Qb5 23. Qxb5 Nxb5 24. Bg2 Ne8 25. e5 Bd5 26. Ne4 b6 27. Ned2 Nec7 28. h4 Ne6 29. Bh3 Nbc7 30. Ng5 a5 31. bxa5 bxa5 32. Bc3 Ra8 33. Nde4 Nxg5 34. Nxg5 h6 35. Ne4 Ne6 36. Nd2 a4 37. f4 Bb3 38. Nf3 Nc7 39. Bd2 Bd5 40. Bg2 Nb5 41. Bb4 e6 42. Bc5 Bf8 43. Re3 Bxc5 44. dxc5 Rab8 45. h5 Kg7 46. hxg6 fxg6 47. Kf2 Bxf3 48. Bxf3 Nd4 49. Rc4 Rb2+ 50. Be2 Rdb8 51. Rxd4 R8b3 52. Rxa4 Rb5 53. Ra7+ Kf8 54. Rd3 Rb8 55. Rdd7 Rc2 56. Rh7 Kg8 57. Rag7+ Kf8 58. Rb7 Rxb7 59. Rxb7 Rxc5 60. Rh7 h5 61. Ra7 Rc3 62. a4 c5 63. a5 Ra3 64. a6 Ra2 65. Ke3 Ra3+ 66. Kd2 c4 67. Bxc4 Rxg3 68. Rb7 Ra3 69. a7 h4 70. Rb8+ 1-0

[Event "DEN-ch Blitz"]
[Site "Snekkersten"]
[Date "2024.09.01"]
[Round "7"]
[White "Pedersen, Daniel Vesterbaek"]
[Black "Wilbrandt, Simon Pil"]
[Result "1-0"]
[WhiteElo "2192"]
[BlackElo "2112"]
[PlyCount "71"]
[EventDate "2024.09.01"]
[EventType "swiss (blitz)"]
[EventRounds "13"]
[EventCountry "DEN"]
[SourceTitle "CBM 221 Extra"]
[Source "ChessBase"]
[SourceDate "2024.09.30"]
[SourceVersion "1"]
[SourceVersionDate "2024.09.30"]
[SourceQuality "1"]

1. e4 Nc6 2. Nf3 f5 3. exf5 d5 4. d4 Bxf5 5. Bb5 e6 6. 0-0 Bd6 7. Re1 Nge7 8. Bg5 0-0 9. Nbd2 a6 10. Bxc6 bxc6 11. Ne5 Qe8 12. Nf1 c5 13. c3 cxd4 14. cxd4 Ng6 15. Ng3 Nxe5 16. dxe5 Bc5 17. Be3 Bxe3 18. Rxe3 c5 19. Rc1 Qb5 20. Rb3 Qa5 21. a3 c4 22. Rb7 Qc5 23. Nh5 Bg6 24. Nxg7 Rxf2 25. Nxe6 Qe3 26. Kh1 Qe4 27. Qg1 Rf5 28. Re1 Qh4 29. Nd4 Rh5 30. Nf3 Qg4 31. Qc5 Rf8 32. Qe7 Rf7 33. Rb8+ Kg7 34. Qe8 Rxh2+ 35. Nxh2 Rf1+ 36. Rxf1 1-0

[Event "DEN-ch Blitz"]
[Site "Snekkersten"]
[Date "2024.09.01"]
[Round "2"]
[White "Wilbrandt, Simon Pil"]
[Black "Jorgensen, Dennis"]
[Result "1-0"]
[WhiteElo "2112"]
[BlackElo "2170"]
[PlyCount "51"]
[EventDate "2024.09.01"]
[EventType "swiss (blitz)"]
[EventRounds "13"]
[EventCountry "DEN"]
[SourceTitle "CBM 221 Extra"]
[Source "ChessBase"]
[SourceDate "2024.09.30"]
[SourceVersion "1"]
[SourceVersionDate "2024.09.30"]
[SourceQuality "1"]

1. d4 Nf6 2. c4 e6 3. Nc3 Bb4 4. f3 c5 5. a3 Bxc3+ 6. bxc3 d6 7. e4 0-0 8. Be3 Nc6 9. Bd3 b6 10. f4 Ba6 11. e5 Ne8 12. Be4 Rc8 13. d5 Na5 14. dxe6 fxe6 15. Qh5 g6 16. Qh3 Bxc4 17. Rd1 Qe7 18. Nf3 d5 19. Bb1 Ng7 20. Ng5 Nf5 21. Bf2 Rce8 22. g4 h6 23. Nxe6 Qxe6 24. gxf5 gxf5 25. Rg1+ Kh7 26. Bh4 1-0

[Event "DEN-ch Blitz"]
[Site "Snekkersten"]
[Date "2024.09.01"]
[Round "9"]
[White "Wilbrandt, Simon Pil"]
[Black "Pedersen, Gunnar"]
[Result "1-0"]
[WhiteElo "2112"]
[BlackElo "2195"]
[PlyCount "80"]
[EventDate "2024.09.01"]
[EventType "swiss (blitz)"]
[EventRounds "13"]
[EventCountry "DEN"]
[SourceTitle "CBM 221 Extra"]
[Source "ChessBase"]
[SourceDate "2024.09.30"]
[SourceVersion "1"]
[SourceVersionDate "2024.09.30"]
[SourceQuality "1"]

1. d4 d5 2. c4 e6 3. Nc3 c5 4. cxd5 exd5 5. Nf3 Nc6 6. dxc5 d4 7. Na4 b5 8. cxb6 axb6 9. b3 b5 10. Nb2 Nf6 11. e3 Bb4+ 12. Bd2 dxe3 13. fxe3 0-0 14. Bxb5 Bxd2+ 15. Qxd2 Qb6 16. Bxc6 Qxc6 17. 0-0 Bb7 18. Nc4 Rad8 19. Qb2 Ng4 20. h3 Nh6 21. Rad1 Nf5 22. Rxd8 Rxd8 23. Nd4 Nxd4 24. exd4 Rxd4 25. Qf2 Rf4 26. Qd2 Rxf1+ 27. Kxf1 Qf6+ 28. Kg1 g6 29. Qf2 Qe6 30. Qg3 Qe4 31. a4 Qb1+ 32. Kh2 Qe4 33. Nd6 Qd5 34. Nxb7 Qxb7 35. a5 Qb5 36. Qc3 h5 37. b4 h4 38. Qe1 Qb8+ 39. Kg1 Qa7+ 40. Kh1 g5 1-0

[Event "DEN-ch Rapid"]
[Site "Snekkersten"]
[Date "2024.08.31"]
[Round "9"]
[White "Rosenlund, Thorbjorn"]
[Black "Wilbrandt, Simon Pil"]
[Result "1-0"]
[WhiteElo "2137"]
[BlackElo "2112"]
[PlyCount "55"]
[EventDate "2024.08.31"]
[EventType "swiss (rapid)"]
[EventRounds "9"]
[EventCountry "DEN"]
[SourceTitle "CBM 221 Extra"]
[Source "ChessBase"]
[SourceDate "2024.09.30"]
[SourceVersion "1"]
[SourceVersionDate "2024.09.30"]
[SourceQuality "1"]

1. Nf3 d5 2. c4 d4 3. g3 c5 4. b4 f6 5. Bg2 e5 6. d3 cxb4 7. a3 bxa3 8. 0-0 Ne7 9. Bxa3 Nec6 10. Qb3 Bxa3 11. Qxa3 Qe7 12. Nbd2 Nb4 13. Rfb1 N8c6 14. Nb3 a5 15. Nfd2 b6 16. Qa4 Bd7 17. Qb5 Rb8 18. c5 Nc2 19. Bxc6 Nxa1 20. Bxd7+ Qxd7 21. Qxd7+ Kxd7 22. Rxa1 bxc5 23. Rxa5 Rhc8 24. Ra7+ Rc7 25. Nxc5+ Kd6 26. Nde4+ Kc6 27. Rxc7+ Kxc7 28. Na6+ 1-0

[Event "DEN-chT 2324 61st"]
[Site "Denmark"]
[Date "2024.04.07"]
[Round "9.6"]
[White "Pedersen, Nicolai Vesterbaek"]
[Black "Wilbrandt, Simon Pil"]
[Result "1-0"]
[WhiteElo "2341"]
[BlackElo "2132"]
[PlyCount "71"]
[EventDate "2023.10.28"]
[EventType "team-tourn"]
[EventRounds "9"]
[EventCountry "DEN"]
[SourceTitle "EXT 2025"]
[Source "ChessBase"]
[SourceDate "2024.10.14"]
[SourceVersion "1"]
[SourceVersionDate "2024.10.14"]
[SourceQuality "1"]
[WhiteTeam "Skanderborg Nordea"]
[BlackTeam "Frem"]
[WhiteTeamCountry "DEN"]
[BlackTeamCountry "DEN"]

1. c4 Nf6 2. Nc3 c5 3. Nf3 Nc6 4. e3 e6 5. d4 cxd4 6. exd4 d5 7. Bd3 Be7 8. 0-0 0-0 9. Re1 Nb4 10. cxd5 Nbxd5 11. Ne5 b6 12. Nc6 Qc7 13. Nxe7+ Qxe7 14. Nxd5 Nxd5 15. Qh5 f5 16. Bd2 Qd6 17. Bc4 Bb7 18. Re5 Rae8 19. Rae1 Rf7 20. Qe2 Rf6 21. Bg5 Rg6 22. h4 h6 23. Qh5 Kh7 24. g3 a6 25. Qe2 b5 26. Bb3 hxg5 27. Qh5+ Rh6 28. Qxe8 Nc7 29. Qb8 Qc6 30. d5 exd5 31. hxg5 Re6 32. Rxe6 Nxe6 33. Qe5 d4 34. Qxf5+ g6 35. Qh3+ Kg7 36. Qh6+ 1-0

[Event "DEN-chT 2324 61st"]
[Site "Denmark"]
[Date "2024.01.27"]
[Round "5.6"]
[White "Wilbrandt, Simon Pil"]
[Black "Meskenas, Paulius"]
[Result "0-1"]
[WhiteElo "2132"]
[BlackElo "2261"]
[PlyCount "82"]
[EventDate "2023.10.28"]
[EventType "team-tourn"]
[EventRounds "9"]
[EventCountry "DEN"]
[SourceTitle "CBM 219 Extra"]
[Source "ChessBase"]
[SourceDate "2024.05.31"]
[SourceVersion "1"]
[SourceVersionDate "2024.05.31"]
[SourceQuality "1"]
[WhiteTeam "Frem"]
[BlackTeam "Koge"]
[WhiteTeamCountry "DEN"]
[BlackTeamCountry "DEN"]

1. d4 Nf6 2. c4 g6 3. h4 c5 4. d5 e5 5. Nc3 d6 6. e4 h6 7. Be2 Qd7 8. Qd3 Rg8 9. f4 Ng4 10. Nf3 f5 11. fxe5 dxe5 12. h5 gxh5 13. exf5 Qf7 14. Nh4 Be7 15. Ne4 Na6 16. Bd2 Bd7 17. Bxg4 Rxg4 18. f6 Bf8 19. 0-0-0 0-0-0 20. Bc3 Re8 21. Rde1 Kb8 22. Qf3 Ka8 23. g3 b5 24. b3 bxc4 25. bxc4 Rb8 26. Rh2 Ba4 27. Ree2 Qh7 28. Nf5 Qg6 29. Rb2 Bd7 30. Rxb8+ Nxb8 31. Rf2 Bxf5 32. Nxc5 Bxc5 33. d6+ Be4 34. f7 Bxf3 35. f8Q Bxf2 36. Qxf3+ e4 37. Qxf2 Qxd6 38. Qf5 Rxg3 39. Be5 Rg1+ 40. Kb2 Qd3 41. Bc3 Rb1+ 0-1

[Event "DEN-chT1 2122 Gr1"]
[Site "Denmark"]
[Date "2022.01.30"]
[Round "5"]
[White "Wilbrandt, Simon Pil"]
[Black "Molvig, Henrik"]
[Result "1-0"]
[WhiteElo "2118"]
[BlackElo "2041"]
[PlyCount "49"]
[EventDate "2021.10.31"]
[EventType "team-tourn"]
[EventRounds "7"]
[EventCountry "DEN"]
[SourceTitle "EXT 2025"]
[Source "ChessBase"]
[SourceDate "2024.10.14"]
[SourceVersion "1"]
[SourceVersionDate "2024.10.14"]
[SourceQuality "1"]
[WhiteTeam "Frem"]
[BlackTeam "Koge II"]
[WhiteTeamCountry "DEN"]
[BlackTeamCountry "DEN"]

1. d4 d5 2. c4 e6 3. Nc3 c5 4. cxd5 cxd4 5. Qa4+ Bd7 6. Qxd4 exd5 7. Qxd5 Nc6 8. e3 Nf6 9. Qd1 Bc5 10. Nf3 Qe7 11. Be2 0-0-0 12. 0-0 g5 13. a3 g4 14. Nh4 Ne4 15. Nxe4 Qxe4 16. Bd3 Qe5 17. Qc2 Kb8 18. b4 Bd6 19. g3 Qg5 20. Bb2 f6 21. Rfd1 Ne5 22. Be4 Be6 23. Rac1 Nc4 24. Bg2 Rc8 25. Qe4 1-0

[Event "DEN-chT 1819 57th"]
[Site "Denmark"]
[Date "2019.02.24"]
[Round "7.1"]
[White "Wilbrandt, Simon Pil"]
[Black "Pedersen, Lars"]
[Result "0-1"]
[WhiteElo "2124"]
[BlackElo "2066"]
[PlyCount "68"]
[EventDate "2018.10.27"]
[EventType "team-tourn"]
[EventRounds "9"]
[EventCountry "DEN"]
[SourceTitle "CBM 189 Extra"]
[Source "ChessBase"]
[SourceDate "2019.05.31"]
[SourceVersion "1"]
[SourceVersionDate "2019.05.31"]
[SourceQuality "1"]
[WhiteTeam "Jetsmark"]
[BlackTeam "Evans"]
[WhiteTeamCountry "DEN"]
[BlackTeamCountry "DEN"]

1. d4 Nf6 2. c4 e6 3. Nc3 Bb4 4. f3 d5 5. a3 Bxc3+ 6. bxc3 c5 7. cxd5 Nxd5 8. dxc5 Qa5 9. e4 Ne7 10. Qb3 0-0 11. Bb5 a6 12. Qb4 Qxb5 13. a4 Qd3 14. Bg5 Nbc6 15. Qb3 Nd4 16. Qd1 Qxc3+ 17. Kf2 Nec6 18. Rc1 Qa5 19. e5 h6 20. Bh4 Nf5 21. Rc4 Nxh4 22. Rxh4 Qxc5+ 23. Kg3 Rd8 24. Qb1 Ne7 25. Rg4 Qxe5+ 26. f4 Qe3+ 27. Nf3 Nf5+ 28. Kh3 Qd3 29. Qb2 b5 30. Rc1 Bb7 31. Rc3 Qd5 32. Re3 Qd1 33. Qf6 Bxf3 34. Rxf3 Rd3 0-1

[Event "DEN-chT 1718 56th"]
[Site "Denmark"]
[Date "2017.12.17"]
[Round "4.5"]
[White "Hagen, Kresten Skytte"]
[Black "Wilbrandt, Simon Pil"]
[Result "1/2-1/2"]
[WhiteElo "2166"]
[BlackElo "2115"]
[PlyCount "199"]
[EventDate "2017.11.18"]
[EventType "team-tourn"]
[EventRounds "9"]
[EventCountry "DEN"]
[SourceTitle "EXT 2019"]
[Source "ChessBase"]
[SourceDate "2018.10.10"]
[SourceVersion "1"]
[SourceVersionDate "2018.10.10"]
[SourceQuality "1"]
[WhiteTeam "Aarhus/Skolerne"]
[BlackTeam "Jetsmark"]
[WhiteTeamCountry "DEN"]
[BlackTeamCountry "DEN"]

1. Nf3 d5 2. d4 c5 3. c4 e6 4. cxd5 exd5 5. Nc3 Nc6 6. g3 Be6 7. Bg2 Nf6 8. 0-0 c4 9. Bg5 Be7 10. Ne5 0-0 11. b3 cxb3 12. axb3 Rc8 13. Nxc6 Rxc6 14. Qd3 a6 15. Rfc1 Qd7 16. Na4 Bf5 17. Qd2 Rfc8 18. Rxc6 Rxc6 19. Rc1 Qd8 20. Rxc6 bxc6 21. Qc3 Qc8 22. e3 h6 23. Bxf6 Bxf6 24. Bf1 Be7 25. Qa5 Be4 26. Qxa6 Qf5 27. Nc3 Bc2 28. Qxc6 Bxb3 29. Qb7 Qc2 30. Nxd5 Bf8 31. Nf4 Qd1 32. Qa6 g5 33. Ng2 Qf3 34. Qe2 Qf6 35. Ne1 Be6 36. Bg2 Qg6 37. e4 h5 38. e5 Qb1 39. Be4 Qa1 40. Qd2 Bh6 41. Kg2 Kg7 42. f3 Bh3+ 43. Kf2 Bd7 44. Bc2 Bb5 45. Qb4 Ba6 46. Qb6 Bc4 47. Qf6+ Kg8 48. Qd8+ Kg7 49. Qf6+ Kg8 50. e6 fxe6 51. Qd8+ Bf8 52. Qxg5+ Bg7 53. Qd8+ Bf8 54. Qd7 Bb4 55. Qc8+ Kg7 56. Qxc4 Qxe1+ 57. Kg2 Bc3 58. Qd3 Qd2+ 59. Qxd2 Bxd2 60. Kf2 h4 61. gxh4 Bf4 62. h3 Kf6 63. Ke2 Bh6 64. Be4 Bf4 65. Kd3 Bh6 66. Bh7 Kg7 67. Be4 Kf6 68. Kc4 Ke7 69. Kc5 Bf4 70. Kc4 Bh6 71. h5 Bf4 72. Bg6 Kf6 73. Kd3 Bh6 74. Ke4 Bf8 75. f4 Bh6 76. f5 exf5+ 77. Bxf5 Bf8 78. Bg4 Kg7 79. Kf5 Kh8 80. Kg6 Bd6 81. Kf7 Bh2 82. d5 Bd6 83. Bf5 Bh2 84. h6 Bd6 85. Kg6 Ba3 86. h7 Bd6 87. Kf7 Bf8 88. Ke8 Ba3 89. Kd7 Bf8 90. Kc7 Be7 91. d6 Bxd6+ 92. Kxd6 Kg7 93. h4 Kh8 94. Ke7 Kg7 95. Bg6 Kh8 96. h5 Kg7 97. Bf7 Kh8 98. Ke8 Kg7 99. Bg8 Kh8 100. h6 1/2-1/2

[Event "DEN-chT 1617 55th"]
[Site "Denmark"]
[Date "2017.03.18"]
[Round "8.5"]
[White "Wilbrandt, Simon Pil"]
[Black "Christensen, Tobias"]
[Result "0-1"]
[WhiteElo "2171"]
[BlackElo "2343"]
[PlyCount "82"]
[EventDate "2016.10.29"]
[EventType "team-tourn"]
[EventRounds "9"]
[EventCountry "DEN"]
[SourceTitle "EXT 2018"]
[Source "ChessBase"]
[SourceDate "2017.10.13"]
[SourceVersion "1"]
[SourceVersionDate "2017.10.13"]
[SourceQuality "1"]
[WhiteTeam "Jetsmark"]
[BlackTeam "Aarhus/Skolerne"]
[WhiteTeamCountry "DEN"]
[BlackTeamCountry "DEN"]

1. d4 g6 2. c4 Bg7 3. e4 Nc6 4. Ne2 e5 5. d5 Nd4 6. Be3 c5 7. Ng3 h5 8. Be2 h4 9. Nf1 d6 10. Nc3 Nf6 11. Bg5 Qb6 12. Qd2 h3 13. g3 Bg4 14. Bxg4 Nxg4 15. 0-0-0 Qb4 16. f3 Nxf3 17. Qe2 Nxg5 18. Qxg4 Bh6 19. Nd2 0-0 20. Rhf1 Kg7 21. Kc2 Rad8 22. b3 a6 23. a4 Qa5 24. Nf3 f6 25. Nxg5 Bxg5 26. Qxh3 Be3 27. Rf3 Bd4 28. Qf1 Rb8 29. h4 b5 30. cxb5 Bxc3 31. Rxc3 axb5 32. axb5 Qb4 33. Qc4 Qxb5 34. Ra1 Qd7 35. Ra6 Rb4 36. Qe2 Rfb8 37. g4 Qb7 38. Rxd6 Rxb3 39. Qc4 Rxc3+ 40. Qxc3 Qb1+ 41. Kd2 Rb2+ 0-1

[Event "Aarhus-chA"]
[Site "Aarhus"]
[Date "2017.02.19"]
[Round "5"]
[White "Jensen, Jakob Kjaer"]
[Black "Wilbrandt, Simon Pil"]
[Result "1-0"]
[WhiteElo "2211"]
[BlackElo "2194"]
[PlyCount "145"]
[EventDate "2017.02.17"]
[EventType "tourn"]
[EventRounds "5"]
[EventCountry "DEN"]
[SourceTitle "EXT 2018"]
[Source "ChessBase"]
[SourceDate "2017.10.13"]
[SourceVersion "1"]
[SourceVersionDate "2017.10.13"]
[SourceQuality "1"]

1. d4 Nf6 2. Nf3 c5 3. c3 d5 4. e3 Nc6 5. Nbd2 cxd4 6. exd4 Bg4 7. Bd3 e6 8. 0-0 Bd6 9. Re1 0-0 10. Nf1 Qc7 11. Bg5 Nd7 12. Bh4 Bf4 13. Bg3 Rab8 14. Qc2 Bxf3 15. gxf3 Nf6 16. Ne3 h6 17. Ng2 Nh5 18. Nxf4 Nxf4 19. Qd2 g5 20. Kh1 Kh8 21. Rg1 Ne7 22. Bxf4 Qxf4 23. Qxf4 gxf4 24. Rg4 f5 25. Rgg1 b5 26. Rge1 Rf6 27. a4 b4 28. Bb5 bxc3 29. bxc3 Rc8 30. Bd7 Rxc3 31. Bxe6 Rxf3 32. Rab1 Rf8 33. Rb7 Ng8 34. Bxg8 Rxg8 35. Ree7 Rc8 36. Rh7+ Kg8 37. Rbg7+ Kf8 38. Rxa7 Kg8 39. Rag7+ Kf8 40. Rf7+ Kg8 41. Rfg7+ Kf8 42. Rd7 Kg8 43. Kg2 Rd3 44. Rxh6 Rxd4 45. Ra6 f3+ 46. Kxf3 Rh4 47. Ra5 Rxh2 48. Kg3 Rh5 49. Raxd5 f4+ 50. Kg4 Rxd5 51. Rxd5 Rc4 52. Rg5+ Kh7 53. Ra5 Kg6 54. f3 Rb4 55. Ra8 Rc4 56. a5 Ra4 57. Ra6+ Kf7 58. Kf5 Ke7 59. Ke5 Kd7 60. Rd6+ Ke7 61. Ra6 Kd7 62. Ra7+ Ke8 63. a6 Kf8 64. Kd5 Ra3 65. Ra8+ Kg7 66. Ra7+ Kf8 67. Kc6 Rxf3 68. Rh7 Kg8 69. Rb7 Rc3+ 70. Kd5 Ra3 71. a7 Ra5+ 72. Ke4 Ra4+ 73. Kf3 1-0

[Event "Aarhus-chA"]
[Site "Aarhus"]
[Date "2017.02.18"]
[Round "3"]
[White "Wilbrandt, Simon Pil"]
[Black "Lauridsen, Jesper Morch"]
[Result "0-1"]
[WhiteElo "2194"]
[BlackElo "2246"]
[PlyCount "78"]
[EventDate "2017.02.17"]
[EventType "tourn"]
[EventRounds "5"]
[EventCountry "DEN"]
[SourceTitle "EXT 2018"]
[Source "ChessBase"]
[SourceDate "2017.10.13"]
[SourceVersion "1"]
[SourceVersionDate "2017.10.13"]
[SourceQuality "1"]

1. d4 d5 2. c4 e6 3. Nc3 c5 4. cxd5 cxd4 5. Qa4+ Bd7 6. Qxd4 exd5 7. Qxd5 Nf6 8. Qd1 Bc5 9. Nf3 0-0 10. e3 Nc6 11. Be2 Qe7 12. 0-0 Rfd8 13. Qc2 Rac8 14. Rd1 Nb4 15. Qb1 g6 16. Nh4 Ng4 17. g3 Re8 18. a3 Nxf2 19. Rxd7 Nh3+ 20. Kg2 Qxd7 21. axb4 Bxe3 22. Bb5 Nf4+ 23. Kf3 Qd4 24. Bxe8 Rxe8 25. Qc2 Bxc1 26. Qxc1 Nd3 27. Qg1 Qxb4 28. Rb1 Qc4 29. Kg2 g5 30. Nf3 g4 31. Nd2 Qc6+ 32. Kf1 Qf6+ 33. Kg2 Qc6+ 34. Kf1 Qf6+ 35. Kg2 Nxb2 36. Qc5 Nd3 37. Nce4 Rxe4 38. Nxe4 Qf3+ 39. Kg1 Nxc5 0-1

[Event "DEN-chT 1617 55th"]
[Site "Denmark"]
[Date "2017.01.29"]
[Round "6.6"]
[White "Pedersen, Daniel Vesterbaek"]
[Black "Wilbrandt, Simon Pil"]
[Result "1/2-1/2"]
[WhiteElo "2245"]
[BlackElo "2171"]
[PlyCount "84"]
[EventDate "2016.10.29"]
[EventType "team-tourn"]
[EventRounds "9"]
[EventCountry "DEN"]
[SourceTitle "EXT 2018"]
[Source "ChessBase"]
[SourceDate "2017.10.13"]
[SourceVersion "1"]
[SourceVersionDate "2017.10.13"]
[SourceQuality "1"]
[WhiteTeam "Nordkalotten"]
[BlackTeam "Jetsmark"]
[WhiteTeamCountry "DEN"]
[BlackTeamCountry "DEN"]

1. e4 c5 2. c3 d5 3. exd5 Qxd5 4. d4 g6 5. Nf3 Bg7 6. Na3 cxd4 7. Nb5 Na6 8. Nfxd4 Nf6 9. Be3 Ng4 10. Bd2 0-0 11. Qf3 Qxf3 12. Nxf3 b6 13. Be2 Bb7 14. 0-0 Rfd8 15. Rad1 Nc5 16. Bg5 Nf6 17. Rfe1 a6 18. Nbd4 Na4 19. Bc1 Ne4 20. Bc4 e5 21. Nc2 b5 22. Bf1 Rac8 23. Nb4 a5 24. Nc2 Rxd1 25. Rxd1 Nexc3 26. bxc3 Nxc3 27. Rd7 Bxf3 28. gxf3 Nxa2 29. Bxb5 Nxc1 30. Ne3 Bh6 31. Bc4 Kh8 32. Bxf7 Ne2+ 33. Kf1 Nf4 34. Bc4 Rb8 35. Ke1 Rb1+ 36. Kd2 Rb2+ 37. Ke1 Bf8 38. Rd8 Kg7 39. Rd7+ Kh8 40. Rd8 Kg7 41. Rd7+ Kh8 42. Rd8 Kg7 1/2-1/2

[Event "Hastings Masters op 92nd"]
[Site "Hastings"]
[Date "2017.01.05"]
[Round "9"]
[White "Prosviriakov, Vladimir"]
[Black "Wilbrandt, Simon Pil"]
[Result "1-0"]
[WhiteElo "2236"]
[BlackElo "2180"]
[PlyCount "71"]
[EventDate "2016.12.28"]
[EventType "swiss"]
[EventRounds "9"]
[EventCountry "ENG"]
[SourceTitle "CBM 176 Extra"]
[Source "ChessBase"]
[SourceDate "2017.03.02"]
[SourceVersion "1"]
[SourceVersionDate "2017.03.02"]
[SourceQuality "1"]

1. e4 c5 2. Nc3 Nc6 3. f4 g6 4. Nf3 Bg7 5. d3 d6 6. Be2 Rb8 7. 0-0 b5 8. Qe1 e6 9. f5 b4 10. Nd1 exf5 11. Ne3 fxe4 12. dxe4 Be6 13. Ng5 Ne5 14. Nxe6 fxe6 15. Ng4 Nxg4 16. Bxg4 Qe7 17. a3 Bd4+ 18. Kh1 Nf6 19. Bg5 h6 20. Bxf6 Bxf6 21. e5 Bxe5 22. Qe4 Rg8 23. axb4 cxb4 24. Qc4 Rg7 25. Bxe6 Qc7 26. Qg4 Bxb2 27. Rae1 Be5 28. Bd5 Qd7 29. Qf3 Qe7 30. Bc6+ Kd8 31. Qd5 Rb6 32. Ba4 Qb7 33. Rxe5 Qa6 34. Re8+ Kc7 35. Qf7+ Rxf7 36. Rxf7# 1-0

[Event "Hastings Masters op 92nd"]
[Site "Hastings"]
[Date "2017.01.02"]
[Round "6"]
[White "Wilbrandt, Simon Pil"]
[Black "Siva, Mahadevan"]
[Result "0-1"]
[WhiteElo "2180"]
[BlackElo "2360"]
[PlyCount "86"]
[EventDate "2016.12.28"]
[EventType "swiss"]
[EventRounds "9"]
[EventCountry "ENG"]
[SourceTitle "CBM 176 Extra"]
[Source "ChessBase"]
[SourceDate "2017.03.02"]
[SourceVersion "1"]
[SourceVersionDate "2017.03.02"]
[SourceQuality "1"]

1. d4 Nf6 2. c4 e6 3. Nc3 Bb4 4. e3 0-0 5. Bd3 d5 6. Nf3 c5 7. 0-0 cxd4 8. exd4 dxc4 9. Bxc4 b6 10. Bg5 Bb7 11. Ne5 Be7 12. Re1 Nbd7 13. Qe2 a6 14. Rad1 Nxe5 15. dxe5 Nd7 16. Bf4 Qc7 17. Qg4 Kh8 18. Re3 Rfd8 19. Bd3 g6 20. Rde1 Nc5 21. Bb1 Rd4 22. Ne2 Rb4 23. Rh3 Be4 24. a3 Rc4 25. b3 Bxb1 26. bxc4 Bf5 27. Qf3 Rd8 28. g4 Be4 29. Qg3 Nd3 30. Rf1 g5 31. Qe3 Ba8 32. Bxg5 Qc6 33. Rf3 Rg8 34. Nd4 Bxg5 35. Qxd3 Qd7 36. Rh3 f5 37. Ne2 Qb7 38. f3 Rd8 39. Qb1 Be3+ 40. Kh1 fxg4 41. Rg3 gxf3 42. Ng1 f2+ 43. Nf3 Qxf3+ 0-1

[Event "Hastings Masters op 92nd"]
[Site "Hastings"]
[Date "2017.01.01"]
[Round "5"]
[White "Garriga Cazorla, Pere"]
[Black "Wilbrandt, Simon Pil"]
[Result "0-1"]
[WhiteElo "2386"]
[BlackElo "2180"]
[PlyCount "114"]
[EventDate "2016.12.28"]
[EventType "swiss"]
[EventRounds "9"]
[EventCountry "ENG"]
[SourceTitle "CBM 176 Extra"]
[Source "ChessBase"]
[SourceDate "2017.03.02"]
[SourceVersion "1"]
[SourceVersionDate "2017.03.02"]
[SourceQuality "1"]

1. d4 Nf6 2. c4 g6 3. f3 d5 4. cxd5 Nxd5 5. e4 Nb6 6. Nc3 Bg7 7. Be3 0-0 8. Qd2 Nc6 9. 0-0-0 Qd6 10. Nb5 Qd7 11. f4 a6 12. Nc3 Rd8 13. Nf3 Qe8 14. Qe1 Bg4 15. d5 Na7 16. Bd4 Bxd4 17. Rxd4 Bxf3 18. gxf3 e6 19. Qd2 exd5 20. exd5 Nb5 21. Bxb5 axb5 22. f5 b4 23. fxg6 fxg6 24. Ne4 Qf8 25. Kb1 Qxf3 26. Re1 Qf5 27. d6 c5 28. Rd3 Re8 29. d7 Nxd7 30. Rxd7 Rxe4 31. Rxe4 Qxe4+ 32. Kc1 Qc4+ 33. Kd1 Rf8 34. Rd8 Qg4+ 35. Kc1 Qc4+ 36. Kd1 b5 37. b3 Qf1+ 38. Kc2 Qf5+ 39. Kc1 Qf6 40. Qd5+ Kg7 41. Rxf8 Qxf8 42. Qe5+ Qf6 43. Qxc5 Qa1+ 44. Kd2 Qxa2+ 45. Ke1 Qb1+ 46. Ke2 Qe4+ 47. Kd2 Qg2+ 48. Kd3 Qh3+ 49. Ke4 Qg4+ 50. Kd5 Qf5+ 51. Kc6 Qxc5+ 52. Kxc5 g5 53. Kxb5 g4 54. Kxb4 h5 55. Kc3 h4 56. Kd2 g3 57. hxg3 h3 0-1

[Event "Hastings Masters op 92nd"]
[Site "Hastings"]
[Date "2016.12.30"]
[Round "3"]
[White "Wilbrandt, Simon Pil"]
[Black "Witt, Holger"]
[Result "1-0"]
[WhiteElo "2180"]
[BlackElo "1628"]
[PlyCount "113"]
[EventDate "2016.12.28"]
[EventType "swiss"]
[EventRounds "9"]
[EventCountry "ENG"]
[SourceTitle "CBM 176 Extra"]
[Source "ChessBase"]
[SourceDate "2017.03.02"]
[SourceVersion "1"]
[SourceVersionDate "2017.03.02"]
[SourceQuality "1"]

1. d4 Nf6 2. Nf3 g6 3. Bf4 Bg7 4. Nbd2 0-0 5. e4 d6 6. Bd3 c6 7. h3 Qb6 8. Nc4 Qd8 9. Ne3 Qa5+ 10. c3 c5 11. 0-0 cxd4 12. cxd4 Bd7 13. Qb3 Nc6 14. Nc4 Qb4 15. Qc2 b5 16. Bd2 Qa4 17. Qxa4 bxa4 18. d5 Nd8 19. Bb4 Nb7 20. Rfe1 Rfe8 21. Rad1 Rac8 22. Nfd2 Nc5 23. Bf1 Nh5 24. Bc3 Bxc3 25. bxc3 Nf4 26. Rb1 Rb8 27. f3 Nfd3 28. Rxb8 Rxb8 29. Rb1 Rxb1 30. Nxb1 Bb5 31. Na5 Kf8 32. Na3 a6 33. Nc2 Nc1 34. c4 Bd7 35. Nb4 Ke8 36. Kf2 Nxa2 37. Nxa2 Nb3 38. Nxb3 axb3 39. Nc3 a5 40. Ke3 a4 41. Nb1 Kd8 42. Kd4 Kc7 43. c5 dxc5+ 44. Kxc5 h5 45. Bd3 b2 46. e5 Bf5 47. Bxf5 gxf5 48. g3 Kd7 49. f4 Kc7 50. d6+ Kd8 51. h4 exd6+ 52. exd6 Kc8 53. Kc6 Kd8 54. d7 a3 55. Nxa3 b1Q 56. Nxb1 f6 57. Nc3 1-0

[Event "Odense-chC"]
[Site "Odense"]
[Date "2016.10.15"]
[Round "2"]
[White "Jensen, Jacob Bjerre"]
[Black "Wilbrandt, Simon Pil"]
[Result "1/2-1/2"]
[WhiteElo "2147"]
[BlackElo "2155"]
[PlyCount "58"]
[EventDate "2016.10.14"]
[EventType "tourn"]
[EventRounds "5"]
[EventCountry "DEN"]
[SourceTitle "EXT 2023"]
[Source "ChessBase"]
[SourceDate "2022.10.05"]
[SourceVersion "1"]
[SourceVersionDate "2022.10.05"]
[SourceQuality "1"]

1. d4 Nf6 2. c4 g6 3. Nc3 d5 4. cxd5 Nxd5 5. e4 Nxc3 6. bxc3 Bg7 7. Bc4 c5 8. Ne2 0-0 9. 0-0 Nc6 10. Be3 Bg4 11. f3 Bd7 12. Rb1 Qc7 13. dxc5 a6 14. Qe1 Na5 15. Bd3 Be6 16. Rb4 Bxa2 17. Qa1 Rfd8 18. Nd4 e5 19. Qxa2 exd4 20. Rxd4 Bxd4 21. cxd4 Nc6 22. Qb2 Qe7 23. Bc4 Rd7 24. Ba2 Qf6 25. e5 Qf5 26. Bb1 Qe6 27. Ba2 Qf5 28. Bb1 Qe6 29. Ba2 Qf5 1/2-1/2